00507nam a2200169Ia 4500008004100000040001900041041001200060082002400072100002000096245006500116250001200181260003400193300002100227504005000248650002100298850001800319131103s9999 xx 000 0 und d aLoreto College aEnglish a420/JESbLCBkB/E144 aJesperson, Otto aGrowth and structure of the English languagecOtto Jesperson a9th ed. aOxfordbBasil Blackwellc1960 a244 p. c 18 cm. aIncludes index and bibliographical references aEnglish Language aLCBkB/420/JES